书目信息 |
| 题名: |
中国重要经济区和城市群地质环境图集
|
|
| 作者: | 文冬光 , 李明辉 主编 ;中国地质调查局 编著 | |
| 分册: | 成渝城市群 | |
| 出版信息: | 武汉 中国地质大学出版社 2018.09 |
|
| 页数: | 71页 | |
| 开本: | 41cm | |
| 丛书名: | ||
| 单 册: | ||
| 中图分类: | X321.2-64 , X321.271-64 | |
| 科图分类: | ||
| 主题词: | 城市地质环境--cheng shi di zhi huan jing--中国--图集 , 城市地质环境--cheng shi di zhi huan jing--四川--图集 | |
| 电子资源: | ||
| ISBN: | 978-7-5625-4363-3 | |
| 000 | 01603nam 2200313 450 | |
| 001 | 202019135772 | |
| 005 | 20191007123108.0 | |
| 010 | @a978-7-5625-4363-3@b精装@dCNY198.00 | |
| 100 | @a20191004d2018 em y0chiy50 ea | |
| 101 | 0 | @achi |
| 102 | @aCN@b420000 | |
| 105 | @aabk z 000yy | |
| 106 | @ar | |
| 200 | 1 | @a中国重要经济区和城市群地质环境图集@Azhong guo zhong yao jing ji qu he cheng shi qun di zhi huan jing tu ji@i成渝城市群@d= The geo-environment atlas of important economic zone and city group in China@iThe Cheng-Yu city group@f中国地质调查局编著@zeng |
| 210 | @a武汉@c中国地质大学出版社@d2018.09 | |
| 215 | @a71页@c彩图, 地图@d41cm | |
| 314 | @a书内题: 文冬光, 李明辉主编 | |
| 330 | @a《中国重要经济区和城市群地质环境图集·成渝城市群》是“成渝经济区地质环境调查评价”计划项目和“长江经济带工程”二级项目“成渝经济区宜宾至万州沿江发展带1:5万环境地质调查评价”研究成果之一。图集汇集了成渝城市群以往地学研究成果及近年地质大调查成果, 涵盖了基础地质、水文地质、工程地质、环境地质和地球化学等专业。 | |
| 510 | 1 | @aGeo-environment atlas of important economic zone and city group in China@iThe Cheng-Yu city group@zeng |
| 517 | 1 | @a成渝城市群@Acheng yu cheng shi qun |
| 606 | 0 | @a城市地质环境@Acheng shi di zhi huan jing@y中国@j图集 |
| 606 | 0 | @a城市地质环境@Acheng shi di zhi huan jing@y四川@j图集 |
| 690 | @aX321.2-64@v5 | |
| 690 | @aX321.271-64@v5 | |
| 701 | 0 | @a文冬光@Awen dong guang@4主编 |
| 701 | 0 | @a李明辉@Ali ming hui@4主编 |
| 712 | 02 | @a中国地质调查局@Azhong guo di zhi diao cha ju@4编著 |
| 801 | 0 | @aCN@c20190905 |
| 905 | @a河南城建学院图书馆@dX321.2-64@eW629 | |
| 中国重要经济区和城市群地质环境图集.成渝城市群= The geo-environment atlas of important economic zone and city group in China.The Cheng-Yu city group/中国地质调查局编著.-武汉:中国地质大学出版社,2018.09 |
| 71页:彩图, 地图;41cm |
| ISBN 978-7-5625-4363-3(精装):CNY198.00 |
| 《中国重要经济区和城市群地质环境图集·成渝城市群》是“成渝经济区地质环境调查评价”计划项目和“长江经济带工程”二级项目“成渝经济区宜宾至万州沿江发展带1:5万环境地质调查评价”研究成果之一。图集汇集了成渝城市群以往地学研究成果及近年地质大调查成果, 涵盖了基础地质、水文地质、工程地质、环境地质和地球化学等专业。 |
| ● |
| 相关链接 |
|
|
|
正题名:中国重要经济区和城市群地质环境图集
索取号:X321.2-64/W629
 
预约/预借
| 序号 | 登录号 | 条形码 | 馆藏地/架位号 | 状态 | 备注 |
| 1 | 1444736 | 214447366 | 自科库501/501自科库 134排8列3层/ [索取号:X321.2-64/W629] | 在馆 |